000 00469nam a2200217Ia 4500
001 089800
003 YMCAF
005 20230512161709.0
008 100717s2005 ||||||||||||||||| ||und|d
024 _a89800
035 _a29259
040 _aYMCAF
_beng
_cIN-KoLT
041 _aeng
082 _a004.6
_bFOR
100 _aForouzam, B A
245 0 _aData communication and networking
250 _a3rd
260 _bTMH
_c2005
300 _a973
942 _2ddc
_cBK
999 _c9508
_d9508